000
00221 a2200097 4500
001
12795
100
_a
Kennedy Paul
245
_a
Preparing forthe twenty fist century
260
_a
_b
Random House
_c
090
_c
9769
_d
9769
942
_a
NUST-CAE
_c
M
_c
36676
999
_c
247868
_d
247868